Normal view
MARC view
- Berman, Eliza.
Entry Personal Name
001 - CONTROL NUMBER
- control field: 44942
003 - CONTROL NUMBER IDENTIFIER
- control field: OSt
005 - DATE AND TIME OF LATEST TRANSACTION
- control field: 20220406135829.0
008 - FIXED-LENGTH DATA ELEMENTS
- fixed length control field: 220406|| aca||aabn | a|a d
040 ## - CATALOGING SOURCE
- Original cataloging agency: OSt
- Transcribing agency: OSt
100 ## - HEADING--PERSONAL NAME
- Personal name: Berman, Eliza.
670 ## - SOURCE DATA FOUND
- Source citation: Work cat.: (OSt): Berman, Eliza., How Zoolander shaped the selfie generation/, ©Dec 2015-Mar 2016.
